[Event "Lisbon Cup 26th"]
[Site "Lisbon"]
[Date "2015.01.18"]
[Round "1"]
[White "Bravo, Ricardo Antonio Rod"]
[Black "Silva, Pedro MBA Andrade"]
[Result "1-0"]
[WhiteElo "1681"]
[BlackElo "1417"]
[PlyCount "55"]
[EventDate "2015.01.18"]
[EventType "swiss"]
[EventRounds "7"]
[EventCountry "POR"]
[SourceTitle "EXT 2017"]
[Source "ChessBase"]
[SourceDate "2016.10.25"]
[SourceVersion "1"]
[SourceVersionDate "2016.10.25"]
[SourceQuality "1"]

1. d4 d5 2. c4 Nf6 3. cxd5 Nxd5 4. e4 Nb6 5. Nf3 e6 6. Nc3 Be7 7. Be2 0-0 8. 0-0 Bd7 9. Be3 Bc6 10. Qb3 a5 11. Ne5 Bf6 12. Nxc6 Nxc6 13. e5 Bg5 14. Rad1 a4 15. Qc2 Bxe3 16. fxe3 Nb4 17. Qe4 N4d5 18. Bd3 f5 19. exf6 Nxf6 20. Qxe6+ Kh8 21. Qh3 Nbd7 22. Nd5 Rf7 23. Bxh7 Nxh7 24. Rxf7 Ndf8 25. Rdf1 Qd6 26. Nf6 gxf6 27. Qh6 Ne6 28. Qxh7# 1-0

[Event "Belenenses op 2nd"]
[Site "Lisbon"]
[Date "2007.01.12"]
[Round "7"]
[White "Aguiar, Carlos Alberto Bran"]
[Black "Bravo, Ricardo Antonio Rod"]
[Result "1-0"]
[WhiteElo "2019"]
[BlackElo "1743"]
[PlyCount "71"]
[EventDate "2006.12.28"]
[EventType "swiss"]
[EventRounds "7"]
[EventCountry "POR"]
[SourceTitle "EXT 2022"]
[Source "ChessBase"]
[SourceDate "2021.10.06"]
[SourceVersion "1"]
[SourceVersionDate "2021.10.06"]
[SourceQuality "1"]

1. e4 c6 2. d4 d5 3. Nc3 dxe4 4. Nxe4 Nd7 5. Nf3 Ngf6 6. Nxf6+ Nxf6 7. Bc4 Bg4 8. Bxf7+ Kxf7 9. Ne5+ Ke8 10. Nxg4 Qd5 11. Ne3 Qe4 12. c3 h5 13. Qc2 Qh4 14. h3 g5 15. Nf5 Qe4+ 16. Qxe4 Nxe4 17. f3 e6 18. fxe4 exf5 19. exf5 g4 20. hxg4 Kd7 21. Rxh5 Re8+ 22. Kf2 Rg8 23. Rh7+ Kc8 24. g5 Bd6 25. Be3 Re4 26. Re1 Rge8 27. Bd2 a5 28. Rxe4 Rxe4 29. Kf3 Re8 30. Bf4 Be7 31. f6 Bd8 32. f7 Rf8 33. g6 Bf6 34. Bd6 Rd8 35. f8Q Bg5 36. Qf5+ 1-0

[Event "Belenenses op 2nd"]
[Site "Lisbon"]
[Date "2006.12.28"]
[Round "1"]
[White "Bravo, Ricardo Antonio Rod"]
[Black "Morais, Vitor Mestre"]
[Result "0-1"]
[WhiteElo "1743"]
[BlackElo "2052"]
[PlyCount "44"]
[EventDate "2006.12.28"]
[EventType "swiss"]
[EventRounds "7"]
[EventCountry "POR"]
[SourceTitle "EXT 2022"]
[Source "ChessBase"]
[SourceDate "2021.10.06"]
[SourceVersion "1"]
[SourceVersionDate "2021.10.06"]
[SourceQuality "1"]

1. d4 d5 2. c4 e6 3. Nc3 Nf6 4. Bg5 Nbd7 5. cxd5 exd5 6. e3 c6 7. Bd3 Qa5 8. Bxf6 Nxf6 9. a3 Ne4 10. Nge2 f5 11. b4 Qd8 12. 0-0 Bd6 13. b5 0-0 14. bxc6 bxc6 15. Nxe4 fxe4 16. Bc2 Bg4 17. Ba4 Rc8 18. Qd2 Qh4 19. Ng3 Rf6 20. h3 Rh6 21. f3 Qxg3 22. fxg4 Rxh3 0-1

[Event "Belenenses op 1st"]
[Site "Lisbon"]
[Date "2006.12.18"]
[Round "1"]
[White "Morais, Vitor Mestre"]
[Black "Bravo, Ricardo Antonio Rod"]
[Result "1-0"]
[WhiteElo "2052"]
[BlackElo "1743"]
[PlyCount "35"]
[EventDate "2006.12.18"]
[EventType "swiss"]
[EventRounds "7"]
[EventCountry "POR"]
[SourceTitle "EXT 2022"]
[Source "ChessBase"]
[SourceDate "2021.10.06"]
[SourceVersion "1"]
[SourceVersionDate "2021.10.06"]
[SourceQuality "1"]

1. d4 d5 2. Nf3 Nf6 3. g3 Bf5 4. Bg2 Nbd7 5. 0-0 e6 6. Nh4 Bg4 7. f3 Bh5 8. g4 Bg6 9. Nxg6 hxg6 10. e4 dxe4 11. fxe4 c6 12. c3 Qc7 13. e5 Nxe5 14. dxe5 Bc5+ 15. Kh1 Qxe5 16. Bf4 Rd8 17. Nd2 Rxd2 18. Qxd2 1-0

[Event "Lisbon-ch qual"]
[Site "Olival Basto"]
[Date "2006.03.06"]
[Round "1"]
[White "Bravo, Ricardo Antonio Rod"]
[Black "Lopes, Carlos Correia"]
[Result "0-1"]
[WhiteElo "1737"]
[BlackElo "2010"]
[PlyCount "47"]
[EventDate "2006.03.06"]
[EventType "swiss"]
[EventRounds "10"]
[EventCountry "POR"]
[SourceTitle "EXT 2008"]
[Source "ChessBase"]
[SourceDate "2007.11.25"]
[SourceVersion "1"]
[SourceVersionDate "2007.11.25"]
[SourceQuality "1"]

1. d4 d5 2. c4 c6 3. cxd5 cxd5 4. Nc3 Nf6 5. Nf3 Nc6 6. Bf4 Nh5 7. Bg5 h6 8. Bh4 g5 9. Bg3 Nxg3 10. hxg3 Bg7 11. e3 a6 12. Rc1 e6 13. Be2 Bd7 14. 0-0 h5 15. Ne5 Nxe5 16. dxe5 h4 17. gxh4 Rxh4 18. f4 Qb6 19. Qd4 Qxd4 20. exd4 gxf4 21. Rf3 Ke7 22. Rh3 Rxh3 23. gxh3 f6 24. exf6+ 0-1